000 00447nam a2200181Ia 4500
001 20936
005 20260306172842.0
008 260306t2008||||xx |||||||||||||| ||spa||
041 _aESP
082 _a343.8C6
_bA66 2008
100 _aArancibia Cueva, Miguel
_eAUT
245 0 _aCódigo tributario, comentado y concordado
260 _c2008
300 _a502 páginas :
_ccm.
650 _aGEN
654 _aCCO
942 _cLIB
_dJUS
_fJUS
_2ddc
_n
999 _c20936
_d20936